| 000 | 00768nam a22002177a 4500 | ||
|---|---|---|---|
| 999 |
_c3177 _d3177 |
||
| 003 | AR-CdUCM | ||
| 008 | 190306b ||||| |||| 00| 0 spa d | ||
| 040 |
_aMUNICIPALIDAD PROVINCIAL DEL CUSCO _cBIBLIOTECA MUNICIPAL DEL CUSCO |
||
| 082 |
_a325.85 / _bM26 |
||
| 100 |
_aMartinez, Héctor _910687 |
||
| 245 |
_aMigraciones Internas en el Perú : _bAproximación Critica y Bibliografica / |
||
| 260 |
_aLima : _bInstituto de Estudios Peruanos, _c1980. |
||
| 300 |
_a188 paginas ; _bilustraciones, _c20cm. |
||
| 500 | _aGuías bibliográficas | ||
| 505 | _aContenido- Critica al estudio de las migraciones internas -- Bibliografia | ||
| 650 |
_aMigracion Interna _910688 |
||
| 650 |
_aBibliografia _9345 |
||
| 650 |
_aPerú _935 |
||
| 942 |
_2ddc _cLIBROS |
||
| 945 | _apjha | ||